Learn to video in a weekend / (Record no. 2249)

000 -LEADER
fixed length control field nam a22 a 4500
003 - CONTROL NUMBER IDENTIFIER
control field AKMAL
005 - DATE AND TIME OF LATEST TRANSACTION
control field 20170515162424.0
008 - FIXED-LENGTH DATA ELEMENTS--GENERAL INFORMATION
fixed length control field 170515s1993 xxk 00 eng d
020 ## - INTERNATIONAL STANDARD BOOK NUMBER
International Standard Book Number 0751300225:
Terms of availability GBP 8.99
020 ## - INTERNATIONAL STANDARD BOOK NUMBER
International Standard Book Number 0751302902
040 ## - CATALOGING SOURCE
Original cataloging agency AKMAL
Transcribing agency AKMAL
082 04 - DEWEY DECIMAL CLASSIFICATION NUMBER
Classification number 374.26 LEW
090 20 - LOCALLY ASSIGNED LC-TYPE CALL NUMBER (OCLC); LOCAL CALL NUMBER (RLIN)
Classification number (OCLC) (R) ; Classification number, CALL (RLIN) (NR) 374.26
Local cutter number (OCLC) ; Book number/undivided call number, CALL (RLIN) LEW
100 1# - MAIN ENTRY--PERSONAL NAME
Personal name Lewis, Roland
9 (RLIN) 4731
245 10 - TITLE STATEMENT
Title Learn to video in a weekend /
Statement of responsibility, etc. Roland Lewis ; photography by John Bulmer
260 ## - PUBLICATION, DISTRIBUTION, ETC.
Place of publication, distribution, etc. London :
Name of publisher, distributor, etc. Dorling Kindersley,
Date of publication, distribution, etc. 1993
300 ## - PHYSICAL DESCRIPTION
Extent 95p. :
Other physical details col. ill. ;
Dimensions 23cm
500 ## - GENERAL NOTE
General note Includes index
650 ## - SUBJECT ADDED ENTRY--TOPICAL TERM
Topical term or geographic name entry element Camcorders
General subdivision Amateurs' manuals
9 (RLIN) 4732
650 ## - SUBJECT ADDED ENTRY--TOPICAL TERM
Topical term or geographic name entry element Video recordings
General subdivision Production and direction
-- Amateurs' manuals
9 (RLIN) 4733
700 1# - ADDED ENTRY--PERSONAL NAME
Personal name Bulmer, John
9 (RLIN) 4734
942 ## - ADDED ENTRY ELEMENTS (KOHA)
Source of classification or shelving scheme
Koha item type Book
Holdings
Withdrawn status Lost status Source of classification or shelving scheme Damaged status Not for loan Collection code Home library Current library Date acquired Inventory number Total Checkouts Full call number Barcode Date last seen Price effective from Koha item type
          NON-FICTION AKMAL Melaka AKMAL Melaka 15.05.2017 303338   374.26 LEW 201706404 15.05.2017 15.05.2017 Book
Pusat Sumber Maklumat Dato' Haji Sarmin Md Hussin, Akademi Kastam Diraja Malaysia, Melaka
Tel: 06-2331106 | Faks: 06-2313787